| 000 | 00511nam a2200205 a 4500 | ||
|---|---|---|---|
| 001 | BRCA_6178 | ||
| 005 | 20190320205347.0 | ||
| 008 | 110711s1920----nyu#######---#000-0#eng-# | ||
| 041 | _aeng | ||
| 044 | _anyu | ||
| 050 | 4 |
_aPR5811 _b.B48 _c[1920] |
|
| 100 | 1 |
_aWilde, Oscar _e1854-1900 _915557 |
|
| 245 | 1 | 0 | _aThe best known works of Oscar Wilde. |
| 260 |
_aNueva York _bWise _c[1920] |
||
| 300 |
_a410 p. _c20 cm. |
||
| 500 | _aK61 | ||
| 650 | 1 | 4 |
_aLiteratura inglesa _915558 |
| 902 | _aGFM | ||
| 942 |
_2lcc _cB |
||
| 999 |
_c5865 _d5865 |
||